00863nam a22002177a 450000100030000000300100000300500170001300800410003002000180007104000250008908000280011424502260014226000380036830000200040650400250042665000360045165000230048770000390051070000460054970000500059532BR-CuiBMT20230809191940.0230804b2020 mgb 000 0 por d a9786555180343 aBR-CuiBMTcBR-CuiBMT 22007a336.2:34x(094.5)00aResponsabilidade na gestão fiscal :bestudos em homenagem aos 20 anos da lei complementar nº 101-2000 /cAlípio Reis Firmo Filho, Ana Cristina Moraes Warpechowski, Carlos Alberto de Moraes Ramos Filho, coordenadores. aBelo Horizonte :bFórum,c2020. a478 p. ;c22 cm aInclui bibliografia. aGestão fiscalvLegislação aDireito financeiro1 4coord.aFirmo Filho, Alípio Reis1 4coord.aWarpechowski, Ana Cristina Moraes1 4coord.aRamos Filho, Carlos Alberto de Moraes